The Power Quiz Stats

Quiz Updated Apr 13, 2012

Also try: Powers of 2
Challenge
Share
Tweet
Embed
Score 0/22 Timer 06:00
0 Plays Today
Hint Answer % Correct
Mike Myers plays this British spy in a trilogy of parody movies. Groovy!Austin Powers
98.4%
These might include invisibility, flight, x-ray vision, maybe even laser beamsSuper Powers
92.2%
Not quite a jog or a run but faster than your normal pacePower Walk
89.3%
Presentation program that is part of the Microsoft Office suitePowerPoint
88.9%
Electric drills, chainsaws and wood routers. Why wouldn't mom let us play with them?Power Tools
88.4%
The strength of an engine is measured in thisHorsepower
86.8%
We get this from converting the sun's rays into energySolar Power
85.7%
These colorful, morphing heroes have been fighting evil since the 90's.Power Rangers
85.2%
Coca-Cola introduced this drink to compete with Pepsi's GatoradePowerade
84.7%
When a penalty results in five on four in ice hockey.Power Play
77.3%
These three crime-fighting girls were made from Chemical X on Cartoon NetworkThe Powerpuff Girls
75.9%
Hint Answer % Correct
Political slogan used in the 60's supported by people such as Malcolm XBlack Power
71.1%
Used to describe the number of individuals who make up a workforceManpower
64.8%
Generally the second tallest man on a basketball team, also known as the '4' or post positionPower Forward
64.6%
This military alliance consisted of Japan, Germany and several other countries in WWIIAxis Powers
54.6%
A well-equipped army is said to have a lot of thisFirepower
52.7%
A force greater than ourselves, Alcoholics Anonymous encourages finding oneHigher Power
52.7%
A political slogan or rallying cry also a John Lennon songPower to the People
51.7%
1989 hip hop song by Public EnemyFight the Power
41.3%
A Nickelodeon show that featured four kids who loved to play hockey, surf and skateRocket Power
36.7%
You might read about the latest news about the Wii or DS in this magazineNintendo Power
33%
This Soul/Funk band originating in the 70's is best known for their hit 'You're Still a Young Man'Tower of Power
8.6%

You're not logged in!

Compare scores with friends on all Sporcle quizzes.
Sign Up with Email
OR
Log In

You Might Also Like...

Show Comments

Extras

Top Quizzes Today


Score Distribution

Your Account Isn't Verified!

In order to create a playlist on Sporcle, you need to verify the email address you used during registration. Go to your Sporcle Settings to finish the process.